Top XIs: Sevilla FC (1987-2024) - Statistics

General Stats
  • This quiz has been taken 251 times
    219 since last reset
  • The average score is 148 of 450
Answer Stats
Hint Position Answer % Correct
2004/2005 MF Jesús Navas
87%
2005/2006 MF Jesús Navas
87%
2006/2007 MF Jesús Navas
87%
2007/2008 MF Jesús Navas
87%
2008/2009 MF Jesús Navas
87%
2009/2010 MF Jesús Navas
87%
2011/2012 MF Jesús Navas
87%
2012/2013 MF Jesús Navas
87%
2018/2019 DF Jesús Navas
87%
2018/19 EL DF Jesús Navas
87%
2019/2020 DF Jesús Navas
87%
2019/20 EL DF Jesús Navas
87%
2020/2021 DF Jesús Navas
87%
2021/2022 DF Jesús Navas
87%
2021/22 EL DF Jesús Navas
87%
2022/23 UCL DF Jesús Navas
87%
2011/2012 MF Ivan Rakitić
84%
2012/2013 MF Ivan Rakitić
84%
2013/2014 MF Ivan Rakitić
84%
2020/2021 MF Ivan Rakitić
84%
2021/2022 MF Ivan Rakitić
84%
2021/22 EL MF Ivan Rakitić
84%
2022/2023 MF Ivan Rakitić
84%
2022/23 UCL MF Ivan Rakitić
84%
2023/2024 MF Ivan Rakitić
84%
2004/2005 DF Sergio Ramos
80%
2020/2021 ST Youssef En-Nesyri
71%
2021/22 EL ST Youssef En-Nesyri
71%
2022/2023 ST Youssef En-Nesyri
71%
2022/23 UCL ST Youssef En-Nesyri
71%
2023/2024 ST Youssef En-Nesyri
71%
2014/2015 EL MF Éver Banega
68%
2015/2016⚱️ MF Éver Banega
68%
2017/2018 MF Éver Banega
68%
2017/18 UCL MF Éver Banega
68%
2018/2019 MF Éver Banega
68%
2018/19 EL MF Éver Banega
68%
2019/2020 MF Éver Banega
68%
2019/20 EL MF Éver Banega
68%
2019/2020 ST Lucas Ocampos
67%
2019/20 EL ST Lucas Ocampos
67%
2020/2021 ST Lucas Ocampos
67%
2021/2022 ST Lucas Ocampos
67%
2023/2024 MF Lucas Ocampos
67%
2019/2020 DF Jules Koundé
66%
2019/20 EL DF Jules Koundé
66%
2020/2021 DF Jules Koundé
66%
2021/2022 DF Jules Koundé
66%
2021/22 EL DF Jules Koundé
66%
2019/2020 MF Óliver Torres
66%
2022/23 UCL MF Óliver Torres
66%
2023/2024 MF Óliver Torres
66%
2003/2004 MF Dani Alves
65%
2004/2005 MF Dani Alves
65%
2005/2006 DF Dani Alves
65%
2006/2007 DF Dani Alves
65%
2006/2007 (UC) DF Dani Alves
65%
2007/2008 DF Dani Alves
65%
2020/2021 DF Marcos Acuña
64%
2021/2022 DF Marcos Acuña
64%
2021/22 EL DF Marcos Acuña
64%
2022/23 UCL DF Marcos Acuña
64%
2013/2014 ST Carlos Bacca
63%
2014/2015 ST Carlos Bacca
63%
2014/2015 EL ST Carlos Bacca
63%
2005/2006 ST Frédéric Kanouté
60%
2006/2007 ST Frédéric Kanouté
60%
2006/2007 (UC) ST Frédéric Kanouté
60%
2007/2008 ST Frédéric Kanouté
60%
2008/2009 ST Frédéric Kanouté
60%
2009/2010 ST Frédéric Kanouté
60%
2010/2011 ST Frédéric Kanouté
60%
2015/2016 ST Kévin Gameiro
57%
2015/2016⚱️ ST Kévin Gameiro
57%
2019/2020 MF Fernando
56%
2019/20 EL MF Fernando
56%
2020/2021 MF Fernando
56%
2021/2022 MF Fernando
56%
2022/23 UCL MF Fernando
56%
2023/2024 MF Fernando
56%
1998/1999 ST Juan Carlos
53%
1999/2000 ST Juan Carlos
53%
2022/2023 DF Gonzalo Montiel
52%
2023/2024 DF Gonzalo Montiel
52%
2006/2007 ST Luís Fabiano
52%
2007/2008 ST Luís Fabiano
52%
2008/2009 ST Luís Fabiano
52%
2001/2002 MF José Antonio Reyes
51%
2002/2003 MF José Antonio Reyes
51%
2003/2004 MF José Antonio Reyes
51%
2012/2013 MF José Antonio Reyes
51%
2013/2014 MF José Antonio Reyes
51%
2018/2019 DF Sergi Gómez
51%
2018/19 EL DF Sergi Gómez
51%
2021/22 EL DF Nemanja Gudelj
49%
2022/2023 DF Nemanja Gudelj
49%
2022/23 UCL DF Nemanja Gudelj
49%
2023/2024 DF Nemanja Gudelj
49%
2016/2017 ST Wissam Ben Yedder
49%
2017/18 UCL ST Wissam Ben Yedder
49%
2018/2019 ST Wissam Ben Yedder
49%
2018/19 EL ST Wissam Ben Yedder
49%
2009/2010 ST Álvaro Negredo
47%
2010/2011 ST Álvaro Negredo
47%
2011/2012 ST Álvaro Negredo
47%
2012/2013 ST Álvaro Negredo
47%
2006/2007 DF Julien Escudé
47%
2006/2007 (UC) DF Julien Escudé
47%
2009/2010 DF Julien Escudé
47%
2010/2011 DF Julien Escudé
47%
2019/20 EL MF Suso
47%
2020/2021 MF Suso
47%
2005/2006 MF Adriano
46%
2006/2007 MF Adriano
46%
2006/2007 (UC) MF Adriano
46%
2008/2009 MF Adriano
46%
2019/2020 MF Joan Jordán
45%
2019/20 EL MF Joan Jordán
45%
2020/2021 MF Joan Jordán
45%
2021/2022 MF Joan Jordán
45%
2021/22 EL MF Joan Jordán
45%
2022/2023 MF Joan Jordán
45%
2022/23 UCL MF Joan Jordán
45%
2023/2024 MF Joan Jordán
45%
2015/2016 MF Steven N'Zonzi
45%
2015/2016⚱️ MF Steven N'Zonzi
45%
2016/2017 MF Steven N'Zonzi
45%
2017/2018 MF Steven N'Zonzi
45%
2017/18 UCL MF Steven N'Zonzi
45%
2001/2002 DF Javi Navarro
44%
2002/2003 DF Javi Navarro
44%
2003/2004 DF Javi Navarro
44%
2004/2005 DF Javi Navarro
44%
2006/2007 DF Javi Navarro
44%
2006/2007 (UC) DF Javi Navarro
44%
2022/23 UCL DF Loïc Badé
44%
2023/2024 DF Loïc Badé
44%
2011/2012 DF Coke
43%
2012/2013 DF Coke
43%
2013/2014 DF Coke
43%
2014/2015 EL DF Coke
43%
2015/2016 DF Coke
43%
2022/2023 MF Isco
43%
2014/2015 DF Daniel Carriço
41%
2014/2015 EL DF Daniel Carriço
41%
2018/19 EL DF Daniel Carriço
41%
2008/2009 DF Fernando Navarro
41%
2009/2010 DF Fernando Navarro
41%
2010/2011 DF Fernando Navarro
41%
2011/2012 DF Fernando Navarro
41%
2012/2013 DF Fernando Navarro
41%
2014/2015 MF Grzeg. Krychowiak
41%
2014/2015 EL MF Grzeg. Krychowiak
41%
2015/2016 MF Grzeg. Krychowiak
41%
2015/2016⚱️ MF Grzeg. Krychowiak
41%
2019/2020 ST Luuk de Jong
40%
2021/2022 ST Rafa Mir
40%
2019/2020 DF Sergio Reguilón
40%
2019/20 EL DF Sergio Reguilón
40%
2006/2007 (UC) MF Antonio Puerta
39%
2013/2014 MF Vitolo
39%
2014/2015 MF Vitolo
39%
2014/2015 EL MF Vitolo
39%
2015/2016 MF Vitolo
39%
2015/2016⚱️ MF Vitolo
39%
2016/2017 MF Vitolo
39%
2014/2015 DF Benoît Trémoulinas
38%
2014/2015 EL DF Benoît Trémoulinas
38%
2015/2016 DF Benoît Trémoulinas
38%
2017/2018 DF Clément Lenglet
38%
2017/18 UCL DF Clément Lenglet
38%
2022/2023 MF Erik Lamela
38%
1992/1993 MF Diego Maradona
36%
2005/2006 MF Enzo Maresca
35%
2015/2016⚱️ DF Mariano
35%
2016/2017 DF Mariano
35%
2019/20 EL ST Munir El Haddadi
35%
2015/2016⚱️ DF Sergio Escudero
35%
2016/2017 DF Sergio Escudero
35%
2017/2018 DF Sergio Escudero
35%
2017/18 UCL DF Sergio Escudero
35%
2018/2019 DF Sergio Escudero
35%
2003/2004 ST Júlio Baptista
34%
2004/2005 ST Júlio Baptista
34%
2004/2005 MF Renato
34%
2006/2007 MF Renato
34%
2008/2009 MF Renato
34%
2009/2010 MF Renato
34%
2013/2014 MF Vicente Iborra
34%
2014/2015 MF Vicente Iborra
34%
2015/2016 MF Vicente Iborra
34%
2016/2017 MF Vicente Iborra
34%
2014/2015 MF Denis Suárez
33%
2007/2008 DF Federico Fazio
33%
2011/2012 DF Federico Fazio
33%
2012/2013 DF Federico Fazio
33%
2013/2014 DF Federico Fazio
33%
2016/2017 ST Pablo Sarabia
33%
2017/2018 ST Pablo Sarabia
33%
2017/18 UCL ST Pablo Sarabia
33%
2018/2019 MF Pablo Sarabia
33%
2018/19 EL MF Pablo Sarabia
33%
2021/2022 MF Papu Gómez
33%
2021/22 EL MF Papu Gómez
33%
2013/2014 DF Alberto Moreno
32%
2017/2018 MF Franco Vázquez
32%
2018/2019 MF Franco Vázquez
32%
2018/19 EL MF Franco Vázquez
32%
2012/2013 MF Geoffrey Kondogbia
32%
2000/2001 DF Pablo Alfaro
32%
2001/2002 DF Pablo Alfaro
32%
2002/2003 DF Pablo Alfaro
32%
2003/2004 DF Pablo Alfaro
32%
2016/2017 MF Samir Nasri
32%
1991/1992 ST Davor Šuker
31%
1992/1993 ST Davor Šuker
31%
1993/1994 ST Davor Šuker
31%
1994/1995 ST Davor Šuker
31%
1995/1996 ST Davor Šuker
31%
2007/2008 MF Diego Capel
31%
2010/2011 MF Diego Capel
31%
2019/2020 DF Diego Carlos
31%
2019/20 EL DF Diego Carlos
31%
2020/2021 DF Diego Carlos
31%
2021/2022 DF Diego Carlos
31%
2013/2014 DF Nicolás Pareja
31%
2014/2015 DF Nicolás Pareja
31%
2016/2017 DF Nicolás Pareja
31%
2017/2018 DF Simon Kjær
31%
2017/18 UCL DF Simon Kjær
31%
2018/2019 DF Simon Kjær
31%
2014/2015 MF Aleix Vidal
30%
2014/2015 EL MF Aleix Vidal
30%
2022/23 UCL MF Bryan Gil
30%
1988/1989 DF Diego
30%
1989/1990 DF Diego
30%
1990/1991 DF Diego
30%
1991/1992 DF Diego
30%
1992/1993 DF Diego
30%
1994/1995 DF Diego
30%
1995/1996 DF Diego
30%
2015/2016 MF Y. Konoplyanka
30%
2006/2007 MF Christian Poulsen
29%
2006/2007 (UC) MF Christian Poulsen
29%
2007/2008 MF
Christian Poulsen
29%
2005/2006 DF Ivica Dragutinović
29%
2006/2007 DF Ivica Dragutinović
29%
2006/2007 (UC) DF Ivica Dragutinović
29%
2007/2008 DF Ivica Dragutinović
29%
2007/2008 MF Seydou Keita
29%
2005/2006 ST Javier Saviola
28%
2008/2009 MF Romaric
28%
2010/2011 MF Romaric
28%
2013/2014 MF Stéphane M'Bia
28%
2014/2015 EL MF Stéphane M'Bia
28%
2017/2018 DF Gabriel Mercado
27%
2017/18 UCL DF Gabriel Mercado
27%
1991/1992 MF Marcos Martín
27%
1992/1993 MF Marcos Martín
27%
1993/1994 MF Marcos Martín
27%
1994/1995 MF Marcos Martín
27%
1995/1996 MF Marcos Martín
27%
1996/1997 MF Marcos Martín
27%
2011/2012 MF Gary Medel
26%
2012/2013 MF Gary Medel
26%
1987/1988 DF Manolo Jiménez
26%
1988/1989 DF Manolo Jiménez
26%
1989/1990 DF Manolo Jiménez
26%
1990/1991 DF Manolo Jiménez
26%
1991/1992 DF Manolo Jiménez
26%
1992/1993 DF Manolo Jiménez
26%
1995/1996 DF Manolo Jiménez
26%
2008/2009 DF Sébastien Squillaci
26%
2009/2010 DF Sébastien Squillaci
26%
2014/2015 EL DF Timo. Kolodziejczak
26%
2015/2016 DF Timo. Kolodziejczak
26%
2015/2016⚱️ DF Timo. Kolodziejczak
26%
2015/2016 DF Adil Rami
24%
2015/2016⚱️ DF Adil Rami
24%
2016/2017 DF Adil Rami
24%
2004/2005 DF Aitor Ocio
23%
2005/2006 DF Aitor Ocio
23%
2022/2023 DF Alex Telles
23%
2023/2024 DF Alex Telles
23%
2000/2001 DF David Castedo
22%
2001/2002 DF David Castedo
22%
2002/2003 DF David Castedo
22%
2003/2004 DF David Castedo
22%
2004/2005 DF David Castedo
22%
2005/2006 DF David Castedo
22%
2017/18 UCL ST Joaquín Correa
22%
2018/2019 ST André Silva
21%
2009/2010 MF Didier Zokora
21%
2010/2011 MF Didier Zokora
21%
1992/1993 MF Diego Simeone
21%
1993/1994 MF Diego Simeone
21%
2011/2012 DF Emir Spahić
20%
2012/2013 DF Emir Spahić
20%
2003/2004 ST Darío Silva
19%
2004/2005 ST Darío Silva
19%
2010/2011 DF Mouhamadou Dabo
19%
2018/19 EL ST Quincy Promes
19%
2017/2018 ST Luis Muriel
18%
2011/2012 ST Manu del Moral
18%
1996/1997 ST Salva Ballesta
18%
1997/1998 ST Salva Ballesta
18%
2006/2007 (UC) ST Aleks. Kerzhakov
17%
2000/2001 MF Javi Casquero
17%
2001/2002 MF Javi Casquero
17%
2002/2003 MF Javi Casquero
17%
2003/2004 MF Javi Casquero
17%
2010/2011 DF Martín Cáceres
17%
2008/2009 DF Abdoulay Konko
16%
2009/2010 DF Abdoulay Konko
16%
1998/1999 MF Mami Quevedo
16%
1999/2000 MF Mami Quevedo
16%
1996/1997 MF Vasilios Tsiartas
16%
1997/1998 MF Vasilios Tsiartas
16%
1998/1999 MF Vasilios Tsiartas
16%
1999/2000 MF Vasilios Tsiartas
16%
2009/2010 MF Diego Perotti
15%
2010/2011 MF Diego Perotti
15%
2015/2016⚱️ MF Mich. Krohn-Dehli
15%
2021/22 EL MF Jesús Corona
15%
1988/1989 ST Toni Polster
15%
1989/1990 ST Toni Polster
15%
1990/1991 ST Toni Polster
15%
1998/1999 DF Carlos Marchena
14%
1999/2000 DF Carlos Marchena
14%
2021/22 EL MF Thomas Delaney
14%
2022/2023 MF Thomas Delaney
14%
1993/1994 DF Miquel Soler
13%
1994/1995 DF Miquel Soler
13%
2011/2012 MF Piotr Trochowski
13%
2002/2003 ST Antoñito
12%
1992/1993 DF José Miguel Prieto
12%
1993/1994 DF José Miguel Prieto
12%
1994/1995 DF José Miguel Prieto
12%
1995/1996 DF José Miguel Prieto
12%
1996/1997 DF José Miguel Prieto
12%
1997/1998 DF José Miguel Prieto
12%
2000/2001 DF José Miguel Prieto
12%
1988/1989 MF Rafa Paz
12%
1989/1990 MF Rafa Paz
12%
1992/1993 MF Rafa Paz
12%
1993/1994 MF Rafa Paz
12%
1994/1995 MF Rafa Paz
12%
1995/1996 MF Rafa Paz
12%
2018/2019 MF Roque Mesa
12%
2018/19 EL MF Roque Mesa
12%
2001/2002 DF Zoran Njeguš
12%
2002/2003 DF Zoran Njeguš
12%
2014/2015 DF Diogo Figueiras
11%
1993/1994 MF Gabriel Moya
11%
1994/1995 MF Gabriel Moya
11%
1995/1996 MF Gabriel Moya
11%
1998/1999 MF Gabriel Moya
11%
2017/2018 MF Guido Pizarro
11%
2017/18 UCL MF Guido Pizarro
11%
2018/19 EL DF Guilherme Arana
11%
1996/1997 DF Luis Miguel Ramis
11%
1996/1997 ST José Mari
10%
1993/1994 DF Patxi Ferreira
10%
1987/1988 MF Francisco
9%
1988/1989 MF Francisco
9%
1990/1991 ST Iván Zamorano
9%
1991/1992 ST Iván Zamorano
9%
2003/2004 MF José Luis Martí
9%
2004/2005 MF José Luis Martí
9%
2005/2006 MF José Luis Martí
9%
2006/2007 (UC) MF José Luis Martí
9%
1990/1991 DF Juan Martagón
9%
1992/1993 DF Juan Martagón
9%
1993/1994 DF Juan Martagón
9%
1994/1995 DF Juan Martagón
9%
1995/1996 DF Juan Martagón
9%
2007/2008 DF Aquiv. Mosquera
7%
2008/2009 DF Aquiv. Mosquera
7%
2022/2023 DF José Á. Carmona
7%
1996/1997 MF Matías Almeyda
7%
1997/1998 DF Mirsad Hibić
7%
1998/1999 DF Mirsad Hibić
7%
1999/2000 DF Mirsad Hibić
7%
1992/1993 ST Monchu
7%
1993/1994 ST Monchu
7%
1995/1996 ST Monchu
7%
2000/2001 MF Paco Gallardo
7%
2001/2002 MF Paco Gallardo
7%
2002/2003 MF Paco Gallardo
7%
1996/1997 MF Robert Prosinečki
7%
2003/2004 DF Juan Redondo
6%
1989/1990 DF Nando
6%
1999/2000 DF Nando
6%
1991/1992 DF Alfonso Cortijo
4%
2002/2003 MF Gerardo Torrado
4%
1999/2000 MF Jesuli
4%
1989/1990 ST José Carvajal
4%
1997/1998 ST Miklos Molnar
4%
1997/1998 MF Tarik Oulida
4%
1987/1988 ST Cholo
3%
1990/1991 MF Manuel Zúñiga
3%
1987/1988 DF José A. Salguero
3%
1988/1989 DF José A. Salguero
3%
1989/1990 DF José A. Salguero
3%
1990/1991 DF José A. Salguero
3%
1991/1992 DF José A. Salguero
3%
1996/1997 DF Juan Velasco
3%
1997/1998 DF Juan Velasco
3%
1998/1999 DF Juan Velasco
3%
1987/1988 DF Luis de la Fuente
3%
1988/1989 DF Luis de la Fuente
3%
1989/1990 MF Manuel Zúñiga
3%
1999/2000 ST Marcelo Zalayeta
3%
2000/2001 ST Marcelo Zalayeta
3%
1994/1995 MF Moacir
3%
1995/1996 MF Moacir
3%
2000/2001 ST Nico Olivera
3%
2001/2002 ST Nico Olivera
3%
1987/1988 DF Ricardo Serna
3%
2001/2002 ST Moisés
2%
1997/1998 MF Ivan Jurić
2%
1998/1999 MF Ivan Jurić
2%
1987/1988 ST Ramón
2%
1988/1989 ST Ramón
2%
1990/1991 MF Ramón
2%
1991/1992 MF Ramón
2%
1999/2000 DF Tabaré Silva
2%
1996/1997 DF Thomas Rytter
2%
1997/1998 DF Thomas Rytter
2%
1997/1998 MF Axel
1%
2000/2001 MF Francisco Lama
1%
2001/2002 MF Francisco Lama
1%
2000/2001 MF Fredi
1%
2002/2003 MF Fredi
1%
1998/1999 DF Héctor Berenguel
1%
1999/2000 DF Héctor Berenguel
1%
2000/2001 DF Héctor Berenguel
1%
1994/1995 ST Ilie Dumitrescu
1%
1987/1988 MF Jesús Choya
1%
1987/1988 MF Josimar
1%
1989/1990 MF Nacho Conte
1%
1990/1991 MF Nacho Conte
1%
1991/1992 MF Nacho Conte
1%
1987/1988 MF Pablo Bengoechea
1%
1988/1989 MF Pablo Bengoechea
1%
1989/1990 MF Pablo Bengoechea
1%
1990/1991 MF Pablo Bengoechea
1%
1991/1992 MF Pablo Bengoechea
1%
1998/1999 ST Igor Gluščević
0%
1988/1989 DF Mino
0%
No matching quizzes found
Score Distribution
Percent of People with Each Score
Percentile by Number Answered
Your Score History
You have not taken this quiz since the last reset